书目信息 |
| 题名: |
财务会计
|
|
| 作者: | 张子学 , 孟凡芳 , 张玲玲 主编 | |
| 分册: | ||
| 出版信息: | 济南 山东人民出版社 2009.01 |
|
| 页数: | 333页 | |
| 开本: | 24cm | |
| 丛书名: | ||
| 单 册: | ||
| 中图分类: | F234.4 | |
| 科图分类: | ||
| 主题词: | 财务会计--cai wu kuai ji--高等教育--教材 | |
| 电子资源: | ||
| ISBN: | 978-7-209-04611-4 | |
| 000 | 00968nam0 2200277 450 | |
| 001 | 012009838068 | |
| 005 | 20090622160616.65 | |
| 010 | @a978-7-209-04611-4@dCNY30.00 | |
| 100 | @a20090622d2009 em y0chi0120 ea | |
| 101 | 0 | @achi |
| 102 | @aCN@b370000 | |
| 105 | @aak a 000yy | |
| 106 | @ar | |
| 200 | 1 | @a财务会计@Acai wu kuai ji@f张子学, 孟凡芳, 张玲玲主编@Fzhang zi xue,meng fan fang,zhang ling ling zhu bian |
| 210 | @a济南@c山东人民出版社@d2009.01 | |
| 215 | @a333页@c图@d24cm | |
| 300 | @a21世纪高职高专规划教材 | |
| 320 | @a有书目 (第333页) | |
| 330 | @a本书介绍了货币资金;应收和预付款项;存货;金融资产;固定资产;收入与费用;所有者权益;利润及其分配;财务报告等。 | |
| 606 | 0 | @a财务会计@Acai wu kuai ji@x高等教育@j教材 |
| 690 | @aF234.4@v4 | |
| 701 | 0 | @a张子学@Azhang zi xue@4主编 |
| 701 | 0 | @a孟凡芳@Ameng fan fang@4主编 |
| 701 | 0 | @a张玲玲@Azhang ling ling@4主编 |
| 801 | 0 | @aCN@bQSSK@c20090622 |
| 905 | @b747461-63@dF234.4@eZ257@f3 | |
| 财务会计/张子学, 孟凡芳, 张玲玲主编.-济南:山东人民出版社,2009.01 |
| 333页:图;24cm |
| 21世纪高职高专规划教材 |
| ISBN 978-7-209-04611-4:CNY30.00 |
| 本书介绍了货币资金;应收和预付款项;存货;金融资产;固定资产;收入与费用;所有者权益;利润及其分配;财务报告等。 |
| ● |
| 相关链接 |
|
|
|
正题名:财务会计
索取号:F234.4/Z257
 
预约/预借
| 序号 | 登录号 | 条形码 | 馆藏地/架位号 | 状态 | 备注 |
| 1 | 747461 | 207474614 | 社科库409/409社科库 78排2列1层/ [索取号:F234.4/Z257] | 在馆 | |
| 2 | 747462 | 207474623 | 社科库409/409社科库 78排2列1层/ [索取号:F234.4/Z257] | 在馆 | |
| 3 | 747463 | 207474632 | 社科库409/409社科库 78排2列1层/ [索取号:F234.4/Z257] | 在馆 |